| 000 | 00507nam a2200205Ia 4500 | ||
|---|---|---|---|
| 005 | 20250425162535.0 | ||
| 008 | 250425s9999 xx 000 0 und d | ||
| 020 | _a9978400648 | ||
| 041 | _aspa | ||
| 082 | _a320.51 | ||
| 100 | _aLOPEZ BUENAÑO, FRANKLIN | ||
| 245 | 0 | _aUNA SOCIEDAD SIN PRIVILEGIOS | |
| 250 | _a1A ED. | ||
| 260 |
_aEcuador _bINSTITUTO ECUATORIANO DE ECONOMIA POLITICA _c1997 |
||
| 260 | _aGUAYAQUIL | ||
| 300 | _a170 | ||
| 650 | _aLIBERALISMO | ||
| 942 | _c01 | ||
| 010 | _a84352 | ||
| 999 |
_c231318 _d231318 |
||